[Event "4th Baskent University Open 2019"]
[Site "Ankara"]
[Date "2019.06.17"]
[Round "1"]
[White "Iyiol, Mehmet"]
[Black "Odeev, Handszar"]
[Result "0-1"]
[WhiteElo "1878"]
[BlackElo "2394"]
[Annotator "TA"]
[PlyCount "66"]
[EventDate "2019.06.18"]
[EventType "swiss"]
[EventCountry "TUR"]
[SourceTitle "playchess.com"]
[Source "ChessBase"]
[SourceQuality "1"]

{[%evp 12,66,28,29,36,39,37,8,30,31,39,-34,-28,-16,-22,-58,-46,-60,-47,-74,-16,-10,0,0,0,0,54,0,0,0,156,149,135,149,150,-423,-423,-392,-407,-767,-762,-705,-735,-697,-664,-912,-900,-888,-866,-876,-848,-29983,-29984,-29982,-29981,-5991,-5589]} 1. d4 Nf6 2. c4 g6 3. Nf3 Bg7 4. g3 c5 5. Bg2 Qa5+ 6. Bd2 Qb6 7. dxc5 Qxc5 {E60: King's Indian: Unusual lines and Fianchetto Variation without Nc3} 8. Qb3 Nc6 (8... Ne4 9. Be3 Qa5+ 10. Nbd2 Nc6 11. O-O Nd6 12. Rfd1 Nf5 13. Nf1 Nxe3 14. Nxe3 O-O 15. Rac1 {0-1 (54) Grachev,B (2672)-Inarkiev,E (2666) Vladivostok 2014}) 9. O-O d6 {The position is equal.} 10. Be3 Qh5 11. h3 $146 (11. Nc3 $14) ({Predecessor:} 11. Nc3 O-O 12. Qb5 Qxb5 13. cxb5 Na5 14. b3 Bd7 15. Rac1 {½-½ (26) Charkhalashvili,I (2334)-Khotenashvili,B (2490) Anaklia 2012}) 11... Bxh3 $15 12. Qxb7 {[%mdl 64] Double Attack} Rc8 13. Qb5 ({Much weaker is} 13. Ng5 Bd7 $17) 13... Bxg2 14. Kxg2 Qg4 15. Nc3 O-O (15... h5 $17 {Strongly threatening ...h4.} 16. Rh1 Qd7) 16. Rac1 $11 Qd7 17. Nd5 Ng4 18. Bg5 Rfe8 ({Black should play} 18... Qe6 $11) 19. b3 ({White should try} 19. c5 $14) 19... Rb8 $36 {[%mdl 2048] Black has good play.} 20. Qa4 {c5 is the strong threat.} Qb7 $2 (20... e6 $11 21. Ne3 f5) 21. c5 $16 {And now cxd6 would win.} Nge5 22. cxd6 exd6 {[#]} 23. Qh4 $2 {[#]} (23. Rfd1 $1 $16 {and life is bright.}) 23... Nxf3 $1 $19 24. exf3 {Black must now prevent Rfd1.} Nd4 25. Nf6+ (25. Ne7+ $142 Rxe7 26. Bxe7 Nxf3 27. Qh1 Nd4+ 28. Kh3 Qd7+ 29. Kh2 Qxe7 30. Rce1) 25... Bxf6 $1 26. Bxf6 Qxf3+ 27. Kh2 Re4 28. g4 Rxg4 {[%csl Gg4][%cal Rf3g2]} 29. Qh3 Qf4+ 30. Kh1 g5 {( -> ...Rh4!)} 31. Qg3 Rxg3 32. fxg3 Qe4+ 33. Kg1 Ne2+ {[%mdl 64] Double Attack. Accuracy: White = 33%, Black = 66%.} 0-1

[Event "4th Baskent University Open 2019"]
[Site "Ankara"]
[Date "2019.06.17"]
[Round "1"]
[White "Sabahi, Ali Can"]
[Black "Saraci, Nderim"]
[Result "0-1"]
[WhiteElo "1872"]
[BlackElo "2382"]
[Annotator "TA"]
[PlyCount "34"]
[EventDate "2019.06.18"]
[EventType "swiss"]
[EventCountry "TUR"]
[SourceTitle "playchess.com"]
[Source "ChessBase"]
[SourceQuality "1"]

{[%evp 14,112,24,-77,-62,-58,-59,-60,-61,-85,-54,-60,-25,-52,-44,-38,-36,-61,-64,-66,-66,-91,-76,-81,-70,-148,-148,-118,-18,-181,-179,-216,-209,-204,-189,-193,-188,-195,-176,-327,-309,-304,-244,-400,-456,-454,-454,-444,-450,-447,-449,-454,-395,-454,-453,-418,-446,-431,-403,-440,-403,-462,-447,-491,-485,-422,-370,-1942,-1965,-1877,-547,-1864,-1093,-594,-1913,-1294,-1019,-5129,-5129,-5129,-5190,-5190,-5181,-5181,-5185,-5115,-5125,-5081,-5035,-1420,-3692,-2521,-2411,-29975,-29977,-29977,-29978,-29979,-29980,-29976,-29973]} 1. d4 Nf6 2. c4 g6 3. g3 Bg7 4. Nf3 O-O 5. Nc3 d5 6. cxd5 Nxd5 7. Bg2 c5 8. e4 (8. O-O $11 {remains equal.}) 8... Nxc3 $17 {E61: King's Indian: Early deviations for White, including Smyslov System} 9. bxc3 cxd4 (9... Nc6 10. e5 Qa5 11. Bd2 Rd8 12. O-O Qa3 13. Qc1 Qxc1 14. Raxc1 cxd4 15. cxd4 Nxd4 16. Nxd4 Rxd4 {½-½ (30) Balint,V (2299)-Toth,D (2228) Hungary 2019}) 10. cxd4 Nc6 {[%cal Rc6d4] Black is slightly better.} 11. Be3 Bg4 12. e5 Qd7 13. Rb1 $146 ({Predecessor:} 13. h3 Be6 14. Qd2 Rac8 15. Ng5 Bd5 16. Ne4 {½-½ (42) Eidelmann,V-Hase,M Germany 1999}) 13... Rad8 14. O-O b6 15. Rc1 Bxf3 16. Bxf3 Nxd4 17. Bg4 e6 {Played: Qd7-d5} 0-1

[Event "4th Baskent University Open 2019"]
[Site "Ankara"]
[Date "2019.06.17"]
[Round "1"]
[White "Konusoglu, Kemal Safa"]
[Black "Arat, Ufuk Sezen"]
[Result "0-1"]
[WhiteElo "1858"]
[BlackElo "2368"]
[Annotator "RC"]
[PlyCount "92"]
[EventDate "2019.06.18"]
[EventType "swiss"]
[EventCountry "TUR"]
[SourceTitle "playchess.com"]
[Source "ChessBase"]
[SourceQuality "1"]
[TimeControl "5400+30"]

1. d4 Nf6 2. Bf4 d6 3. Nc3 Nh5 4. Bg5 h6 5. Bh4 g5 6. e4 Nf4 7. Bg3 Bg7 8. h4 c5 9. hxg5 hxg5 10. Rxh8+ Bxh8 11. Bxf4 gxf4 12. Qh5 Bxd4 13. Nge2 Be6 14. Nxd4 cxd4 15. Qh8+ Kd7 16. Qxd4 Nc6 17. Qd2 Qa5 18. Bb5 {[%emt 1:14:00]} a6 {[%emt 1:16:00]} 19. Ba4 {[%emt 0:15:25]} Rg8 {[%emt 0:04:40]} 20. f3 {[%emt 0:06:34]} b5 {[%emt 0:10:12]} 21. Bb3 {[%emt 0:00:30]} b4 {[%emt 0:00:30]} 22. Nd5 {[%emt 0:00:38]} Bxd5 {[%emt 0:01:03]} 23. Bxd5 {[%emt 0:00:30]} Ne5 {[%emt 0:00:30]} 24. O-O-O {[%emt 0:00:30]} Qc5 {[%emt 0:00:30]} 25. Kb1 {[%emt 0:00:30]} a5 {[%emt 0:00:30]} 26. Bb3 {[%emt 0:01:48]} Qb5 {[%emt 0:02:50]} 27. Qd4 {[%emt 0:00:25]} Nc6 {[%emt 0:01:44]} 28. Qd2 {[%emt 0:00:12]} Rg7 {[%emt 0:01:01]} 29. Qxf4 {[%emt 0:01:53]} Qe2 {[%emt 0:00:41]} 30. Qd2 {[%emt 0:01:17]} Rxg2 {[%emt 0:00:00]} 31. Qxe2 {[%emt 0:00:52]} Rxe2 {[%emt 0:00:16]} 32. Bxf7 {[%emt 0:00:30]} Ne5 {[%emt 0:00:30]} 33. Bh5 {[%emt 0:00:30]} Rh2 {[%emt 0:00:30]} 34. Bg4+ {[%emt 0:00:30]} Kc6 {[%emt 0:00:30]} 35. b3 {[%emt 0:00:30]} Kb6 {[%emt 0:00:30]} 36. Rf1 {[%emt 0:00:30]} Nc6 {[%emt 0:00:30]} 37. f4 {[%emt 0:00:30]} Nd4 {[%emt 0:00:30]} 38. Bd1 {[%emt 0:00:30]} Nb5 {[%emt 0:00:30]} 39. Kb2 {[%emt 0:00:30]} Kc5 {[%emt 0:00:30]} 40. e5 {[%emt 0:00:30]} dxe5 {[%emt 0:00:30]} 41. fxe5 {[%emt 0:00:30]} Kd4 {[%emt 0:00:30]} 42. Re1 {[%emt 0:00:30]} Nc3 {[%emt 0:00:30]} 43. a3 {[%emt 0:00:30]} Rd2 {[%emt 0:00:30]} 44. Bf3 {[%emt 0:00:30]} bxa3+ {[%emt 0:00:30]} 45. Kxa3 {[%emt 0:00:30]} Rxc2 {[%emt 0:00:30]} 46. b4 {[%emt 0:00:30]} Ra2+ {[%emt 0:00:30]} 0-1

[Event "4th Baskent University Open 2019"]
[Site "Ankara"]
[Date "2019.06.17"]
[Round "1"]
[White "Gundogan, Sinem Cagla"]
[Black "Guliev, Logman"]
[Result "0-1"]
[WhiteElo "1839"]
[BlackElo "2320"]
[Annotator "TA"]
[PlyCount "126"]
[EventDate "2019.06.18"]
[EventType "swiss"]
[EventCountry "TUR"]
[SourceTitle "playchess.com"]
[Source "ChessBase"]
[SourceQuality "1"]

{[%evp 16,126,7,0,5,0,0,-26,-20,-14,-7,-28,-25,-42,-2,0,10,10,16,10,10,0,0,0,0,0,0,0,0,0,0,0,36,36,36,39,36,39,49,46,45,33,39,34,40,14,49,48,50,0,0,0,0,-197,-195,-217,-134,-100,-43,-213,-192,-170,0,0,0,0,0,0,0,-5,-4,-4,0,0,18,19,54,53,54,54,54,54,54,54,54,35,55,54,67,50,75,52,52,0,0,0,0,0,0,0,0,-8,-6,-12,-13,-64,-64,-64,-69,-547,-548,-497,-487]} 1. e4 c5 2. Nf3 d6 3. g3 Nc6 4. Bg2 Nf6 5. d3 g6 6. O-O Bg7 7. c3 O-O 8. Nbd2 Bd7 9. Re1 Rc8 {A05: Réti Opening: 1 Nf3 Nf6} 10. Nf1 (10. a3 Ne8 11. Nc4 Nc7 12. Bg5 Be6 13. e5 dxe5 14. Ncxe5 Nxe5 15. Nxe5 f6 16. Bxb7 fxe5 17. Bxc8 Bxc8 {0-1 (40) Haimovich,T (2416)-Van Kampen,R (2490) Tel Aviv 2011}) 10... b5 11. a3 a5 $146 {Black has an edge.} ({Predecessor:} 11... h6 12. h3 a5 13. d4 cxd4 14. cxd4 a4 15. Bd2 Ne8 16. Bc3 Qb6 17. Qd2 {1-0 (41) Dominguez Rueda,J (2056)-Beaskoa Estany,G (2114) Barcelona 2017}) 12. d4 cxd4 13. cxd4 a4 14. e5 Ne8 15. Bf4 dxe5 16. Nxe5 Nxe5 17. dxe5 Nc7 18. Rc1 Ne6 19. Bd2 Rxc1 20. Qxc1 Nd4 21. Bb4 Bg4 22. Qd2 Bf3 {[#] ...Bxg2 is the strong threat.} 23. Bxe7 $1 {[%mdl 576] Double Attack} Qd7 {White must now prevent ...Bxg2.} (23... Qxe7 24. Qxd4) 24. Bc5 (24. Bxf8 Bxg2 25. Bb4 (25. Kxg2 Qb7+ 26. Kh3 Nf3 $19) 25... Nf3+ 26. Kxg2 Nxd2 $17) 24... Bxg2 25. Qxd4 ({But not} 25. Bxd4 Bxf1 26. Rxf1 (26. Kxf1 $2 Rd8 $19) 26... Rd8 $17) 25... Qxd4 26. Bxd4 Bd5 27. Bc3 Rc8 28. Rd1 Bb3 29. Rd3 Bc4 30. Rd7 Bf8 (30... b4 $5 31. Bxb4 (31. axb4 a3 $14) 31... Bxe5 $11) 31. Ne3 Be6 32. Rb7 Bxa3 $1 33. Rxb5 Bc5 34. Ra5 $2 (34. Bd2 $11 {and White has nothing to worry.}) 34... a3 $1 $19 {[%mdl 1024] And now ...Bb4! would win. Black has strong compensation.} 35. Nf1 a2 36. Nd2 Rd8 (36... Bb6 $17 37. Ra3 Bd5) 37. Kg2 $2 ({Don't go for} 37. b3 $2 Rd3 $19) ({White should try} 37. Kf1 $1 $15) 37... Bd4 {Hoping for ...Bxc3.} 38. Ne4 {[#]} Kg7 $2 (38... Bb6 $1 $19 {[%cal Rb6a5]} 39. Ra4 Rd1) 39. Bxd4 $11 Rxd4 {[%mdl 4096] Endgame KRB-KRN} 40. Nc3 Rd2 41. Nxa2 Bd5+ 42. Kh3 Bf3 43. g4 Rxb2 44. Ra3 Bd5 45. Nc3 Be6 46. Kg3 $1 Rb4 47. f3 h5 48. gxh5 gxh5 49. h4 Kg6 50. Ne4 Kf5 51. Ra5 Rb3 52. Nd6+ Kg6 53. Kf4 Rb1 54. Ne4 ({White should play} 54. Ra4 $14) 54... Rh1 $1 55. Kg3 Rh3+ 56. Kg2 Rxh4 57. Kg3 Rh1 58. Ra8 Kf5 59. Kg2 Rb1 60. Rh8 (60. Kg3 $11) 60... Kf4 $1 $15 61. Rxh5 Rb2+ $1 62. Kf1 $2 {[%mdl 8192]} (62. Kg1 $15) 62... Kxf3 $19 {[%cal Rb2b1]} 63. Ng5+ Kg4 {Accuracy: White = 51%, Black = 63%.} 0-1

[Event "4th Baskent University Open 2019"]
[Site "Ankara"]
[Date "2019.06.17"]
[Round "1"]
[White "Kaptan, Emre Akin"]
[Black "Pacher, Milan"]
[Result "0-1"]
[WhiteElo "1798"]
[BlackElo "2396"]
[Annotator "RC"]
[PlyCount "100"]
[EventDate "2019.06.18"]
[EventType "swiss"]
[EventCountry "TUR"]
[SourceTitle "playchess.com"]
[Source "ChessBase"]
[SourceQuality "1"]
[TimeControl "5400+30"]

1. e4 c5 2. c3 d6 3. d4 Nf6 4. dxc5 Nc6 5. cxd6 Nxe4 6. dxe7 Qxd1+ 7. Kxd1 Nxf2+ 8. Ke1 Nxh1 9. exf8=Q+ Rxf8 10. g3 Bg4 11. Bg2 O-O-O 12. Bd2 Rfe8+ 13. Kf1 Ne5 14. Bxh1 Nc4 15. Bf3 h5 16. h3 Rxd2 17. Bxg4+ hxg4 18. Nxd2 Nxd2+ 19. Kf2 Ne4+ 20. Kg2 gxh3+ 21. Nxh3 Rd8 22. Kf3 f5 23. Kf4 Rd2 24. Kxf5 Nxg3+ 25. Kg4 Ne4 26. Rb1 Kd7 27. Nf4 Nc5 28. Kf3 Na4 29. Rg1 Rxb2 30. Rxg7+ Kc6 31. Ne6 Kb6 32. Nd8 Nc5 33. a4 Rb3 34. Ke2 Rxc3 35. a5+ Ka6 36. Rc7 b6 37. Ne6 {[%emt 1:44:38]} Kxa5 {[%emt 0:44:30]} 38. Nxc5 {[%emt 0:00:30]} Rxc5 {[%emt 0:00:30]} 39. Rxa7+ {[%emt 0:00:30]} Kb4 {[%emt 0:00:00]} 40. Ra1 {[%emt 0:00:22]} Kc3 {[%emt 0:02:00]} 41. Rb1 {[%emt 0:03:04]} Re5+ {[%emt 0:00:30]} 42. Kd1 {[%emt 0:00:30]} Rd5+ {[%emt 0:00:30]} 43. Ke2 {[%emt 0:00:30]} b5 {[%emt 0:00:00]} 44. Ke3 {[%emt 0:01:12]} b4 {[%emt 0:00:00]} 45. Rc1+ {[%emt 0:00:30]} Kb2 {[%emt 0:00:30]} 46. Rc8 {[%emt 0:00:30]} b3 {[%emt 0:00:30]} 47. Rb8 {[%emt 0:00:30]} Kc2 {[%emt 0:00:00]} 48. Rc8+ {[%emt 0:00:02]} Kb1 {[%emt 0:00:00]} 49. Rb8 {[%emt 0:00:30]} b2 {[%emt 0:00:30]} 50. Ke4 {[%emt 0:00:30]} Ra5 {[%emt 0:00:30]} 0-1

[Event "4th Baskent University Open 2019"]
[Site "Ankara"]
[Date "2019.06.17"]
[Round "1"]
[White "Bekiragaoglu, Umut"]
[Black "Bagaturov, Giorgi"]
[Result "0-1"]
[WhiteElo "1795"]
[BlackElo "2422"]
[Annotator "RC"]
[PlyCount "68"]
[EventDate "2019.06.18"]
[EventType "swiss"]
[EventCountry "TUR"]
[SourceTitle "playchess.com"]
[Source "ChessBase"]
[SourceQuality "1"]
[TimeControl "5400+30"]

1. e4 c5 2. Ne2 g6 3. c4 e5 4. g3 Bg7 5. Bg2 Ne7 6. O-O O-O 7. Nbc3 d6 8. d3 Nbc6 9. f4 Be6 10. Be3 Nd4 11. Bxd4 exd4 12. Nd5 Nxd5 13. cxd5 Bd7 14. Qd2 Re8 15. b4 b6 16. Rab1 f5 17. Rfc1 Rc8 18. bxc5 bxc5 19. Rb7 Rc7 {[%emt 1:03:30]} 20. Rcb1 {[%emt 1:25:10]} Rxb7 {[%emt 0:04:30]} 21. Rxb7 {[%emt 0:00:30]} Bc8 {[%emt 0:00:00]} 22. Rxa7 {[%emt 0:04:15]} Qb6 {[%emt 0:03:00]} 23. Qa5 {[%emt 0:02:14]} Qxa5 {[%emt 0:02:30]} 24. Rxa5 {[%emt 0:00:30]} c4 {[%emt 0:00:30]} 25. Ra4 {[%emt 0:00:31]} cxd3 {[%emt 0:01:30]} 26. Nxd4 {[%emt 0:00:05]} d2 {[%emt 0:02:30]} 27. Bf3 {[%emt 0:00:30]} Rxe4 {[%emt 0:00:30]} 28. Ra8 {[%emt 0:01:32]} Bxd4+ {[%emt 0:00:30]} 29. Kg2 {[%emt 0:00:30]} Re8 {[%emt 0:00:30]} 30. Bd1 {[%emt 0:00:30]} Bd7 {[%emt 0:00:30]} 31. Rxe8+ {[%emt 0:00:30]} Bxe8 {[%emt 0:00:30]} 32. Kf3 {[%emt 0:00:00]} Bf7 {[%emt 0:00:00]} 33. Bb3 {[%emt 0:00:00]} d1=Q+ {[%emt 0:01:00]} 34. Bxd1 {[%emt 0:00:08]} Bxd5+ {[%emt 0:00:30]} 0-1

[Event "4th Baskent University Open 2019"]
[Site "Ankara"]
[Date "2019.06.17"]
[Round "1"]
[White "Sahin, Arda"]
[Black "Tugolbaev, Aktan"]
[Result "1-0"]
[WhiteElo "1710"]
[BlackElo "1179"]
[Annotator "NA RC"]
[PlyCount "57"]
[EventDate "2019.06.18"]
[EventType "swiss"]
[EventCountry "TUR"]
[SourceTitle "playchess.com"]
[Source "ChessBase"]
[SourceQuality "1"]
[TimeControl "5400+30"]

1. d4 Nf6 2. Bf4 g6 3. Nc3 Bg7 4. e4 d6 5. Qd2 O-O 6. O-O-O Nbd7 7. Nf3 c6 8. e5 Ne8 9. h4 h5 10. Be2 b5 11. Kb1 d5 12. Bd3 Nb6 13. Ng5 a5 14. Ne2 Nc7 15. Ng3 b4 16. Qe2 Ne6 17. Nxh5 Nxd4 18. Qe3 Nf5 19. Bxf5 Bxf5 20. Ng3 Qd7 21. Qxb6 Rfb8 22. Qe3 b3 23. axb3 a4 24. e6 axb3 25. exd7 bxc2+ 26. Kc1 Rxb2 27. d8=Q+ Rxd8 28. Nxf5 gxf5 29. Be5 1-0

[Event "4th Baskent University Open 2019"]
[Site "Ankara"]
[Date "2019.06.17"]
[Round "1"]
[White "Kaya, Onur"]
[Black "Yuzer, Murat"]
[Result "1-0"]
[WhiteElo "1681"]
[BlackElo "1436"]
[Annotator "NA RC"]
[PlyCount "101"]
[EventDate "2019.06.18"]
[EventType "swiss"]
[EventCountry "TUR"]
[SourceTitle "playchess.com"]
[Source "ChessBase"]
[SourceQuality "1"]
[TimeControl "5400+30"]

1. e4 g6 2. d4 Bg7 3. Nc3 d6 4. f4 c6 5. a4 Nd7 6. e5 dxe5 7. dxe5 Nh6 8. Nf3 a5 9. Be3 Ng4 10. Bg1 Qc7 11. h3 Nh6 12. Bc4 Nf8 13. Qe2 Be6 14. O-O-O Bxc4 15. Qxc4 Ne6 16. g4 O-O 17. f5 gxf5 18. g5 Nxg5 19. Nxg5 Qxe5 20. Nf3 Qg3 21. Rf1 b5 22. Qh4 Qxh4 23. Nxh4 Bxc3 24. bxc3 e6 25. Be3 f4 26. Bxf4 Nf5 27. Nxf5 exf5 28. Rhg1+ Kh8 29. axb5 cxb5 30. Bh6 Rg8 31. Rxg8+ Rxg8 32. Rxf5 Rg6 33. Be3 Kg8 34. Rxb5 Ra6 35. Bd4 h6 36. c4 a4 37. c5 Kf8 38. Rb6 Ra8 39. Rxh6 Ke7 40. Rd6 a3 41. Bf6+ Ke8 42. Kb1 a2+ 43. Ka1 Rb8 44. Kxa2 Ra8+ 45. Kb1 Rb8+ 46. Kc1 Kf8 47. Rd8+ Rxd8 48. Bxd8 Ke8 49. Bg5 Kd7 50. h4 Kc6 51. h5 1-0

[Event "4th Baskent University Open 2019"]
[Site "Ankara"]
[Date "2019.06.17"]
[Round "1"]
[White "Samli, Ibrahim"]
[Black "Kocak, Yasin"]
[Result "0-1"]
[WhiteElo "1671"]
[BlackElo "1342"]
[Annotator "NA RC"]
[PlyCount "68"]
[EventDate "2019.06.18"]
[EventType "swiss"]
[EventCountry "TUR"]
[SourceTitle "playchess.com"]
[Source "ChessBase"]
[SourceQuality "1"]
[TimeControl "5400+30"]

1. e4 c5 2. Nf3 d6 3. d4 cxd4 4. Nxd4 Nf6 5. Nc3 g6 6. Bg5 Bg7 7. Qd2 Qa5 8. f3 O-O 9. h4 Nc6 10. Nb3 Qb6 11. Bxf6 exf6 12. h5 Be6 13. O-O-O f5 14. exf5 Bxf5 15. g4 Be6 16. Bd3 Nb4 17. hxg6 fxg6 18. Na4 Nxa2+ 19. Kb1 Qb4 20. Kxa2 Qxa4+ 21. Kb1 Rxf3 22. Qe2 Bxg4 23. Rdg1 Rg3 24. Qh2 Rxg1+ 25. Rxg1 Qd7 26. Rh1 Be5 27. Qg2 a5 28. Bc4+ Kh8 29. Nd2 Bf5 30. Bd5 Rc8 31. Ne4 Qb5 32. c4 Rxc4 33. Bxc4 Bxe4+ 34. Ka1 Qa4+ 0-1

[Event "4th Baskent University Open 2019"]
[Site "Ankara"]
[Date "2019.06.17"]
[Round "1"]
[White "Gocer, Onur Saygin"]
[Black "Uysal, Nehir"]
[Result "1-0"]
[WhiteElo "1595"]
[BlackElo "1223"]
[Annotator "NA RC"]
[PlyCount "73"]
[EventDate "2019.06.18"]
[EventType "swiss"]
[EventCountry "TUR"]
[SourceTitle "playchess.com"]
[Source "ChessBase"]
[SourceQuality "1"]
[TimeControl "5400+30"]

1. e4 e6 2. d4 d5 3. exd5 exd5 4. c4 c6 5. Nc3 Nf6 6. Bg5 Be7 7. Nf3 O-O 8. Be2 Ne4 9. Bxe7 Qxe7 10. O-O Re8 11. Re1 Bf5 12. cxd5 Nxc3 13. bxc3 Qa3 14. Bc4 Nd7 15. dxc6 bxc6 16. Qb3 Qxb3 17. axb3 h6 18. h3 Kf8 19. Rxe8+ Kxe8 20. d5 cxd5 21. Bxd5 Rc8 22. Nd4 Bd3 23. Rxa7 Ne5 24. f4 Rd8 25. c4 Nd7 26. Bc6 Ke7 27. Bxd7 Rxd7 28. Nc6+ Kd6 29. Rxd7+ Kxd7 30. Ne5+ Kd6 31. Nxd3 Kc7 32. b4 Kb6 33. b5 f6 34. Nb4 Ka5 35. Nd5 f5 36. h4 h5 37. g3 1-0

[Event "4th Baskent University Open 2019"]
[Site "Ankara"]
[Date "2019.06.17"]
[Round "1"]
[White "Seb, Mesut"]
[Black "Subasi, Fidel"]
[Result "0-1"]
[WhiteElo "1528"]
[BlackElo "1702"]
[Annotator "NA RC"]
[PlyCount "23"]
[EventDate "2019.06.18"]
[EventType "swiss"]
[EventCountry "TUR"]
[SourceTitle "playchess.com"]
[Source "ChessBase"]
[SourceQuality "1"]
[TimeControl "5400+30"]

1. c4 Nf6 2. Nc3 d5 3. cxd5 Nxd5 4. Nf3 g6 5. e4 Nxc3 6. bxc3 Bg7 7. Bc4 O-O 8. Ba3 a6 9. Qb3 b5 10. Be2 Nd7 11. c4 Bxa1 12. Qd1 0-1

[Event "4th Baskent University Open 2019"]
[Site "Ankara"]
[Date "2019.06.17"]
[Round "1"]
[White "Dizdar, Didem Dilara"]
[Black "Taban, Yagiz"]
[Result "0-1"]
[WhiteElo "1390"]
[BlackElo "1654"]
[Annotator "NA RC"]
[PlyCount "58"]
[EventDate "2019.06.18"]
[EventType "swiss"]
[EventCountry "TUR"]
[SourceTitle "playchess.com"]
[Source "ChessBase"]
[SourceQuality "1"]
[TimeControl "5400+30"]

1. Nf3 f5 2. c4 Nf6 3. Nc3 e6 4. d4 b6 5. Bg5 Bb7 6. Qc2 Bb4 7. a3 Bxc3+ 8. bxc3 O-O 9. Rd1 Qe8 10. Bxf6 Rxf6 11. d5 e5 12. g3 d6 13. Nh4 g6 14. Bh3 Bc8 15. O-O Na6 16. Kh1 Nc5 17. Bg2 Ba6 18. f4 Bxc4 19. Bf3 Bb3 20. Qc1 Bxd1 21. Rxd1 exf4 22. g4 fxg4 23. Bxg4 Qe3 24. Qxe3 fxe3 25. Nf3 Ne4 26. Be6+ Rxe6 27. dxe6 Nf2+ 28. Kg2 Nxd1 29. Nd4 Nxc3 0-1

[Event "4th Baskent University Open 2019"]
[Site "Ankara"]
[Date "2019.06.17"]
[Round "1"]
[White "Yilmaz, Huseyin"]
[Black "Kanli, Alperen"]
[Result "0-1"]
[WhiteElo "1375"]
[BlackElo "1737"]
[Annotator "NA RC"]
[PlyCount "84"]
[EventDate "2019.06.18"]
[EventType "swiss"]
[EventCountry "TUR"]
[SourceTitle "playchess.com"]
[Source "ChessBase"]
[SourceQuality "1"]
[TimeControl "5400+30"]

1. d4 d5 2. c4 dxc4 3. Nc3 a6 4. a4 Nc6 5. e3 e5 6. Bxc4 exd4 7. exd4 Nxd4 8. Be3 Be6 9. Bxe6 Nxe6 10. Qf3 c6 11. Rd1 Qc7 12. Nge2 Nf6 13. O-O Bd6 14. g3 O-O 15. Nd4 Nxd4 16. Bxd4 Nd7 17. Qg4 Be5 18. Be3 Nf6 19. Qc4 Rfd8 20. Rxd8+ Rxd8 21. b4 b5 22. axb5 axb5 23. Qc5 Nd7 24. Nxb5 cxb5 25. Qxb5 Rb8 26. Qa4 Nb6 27. Qb3 Qc4 28. Qxc4 Nxc4 29. Bc5 Bb2 30. Re1 f6 31. Re7 Ba3 32. Re4 Ne5 33. f4 Nc6 34. Re6 Nxb4 35. Ba7 Rb7 36. Bc5 Nc2 37. Re8+ Kf7 38. Rf8+ Kg6 39. Rc8 Rb1+ 40. Kg2 Ne1+ 41. Kh3 Rc1 42. Re8 Bxc5 0-1

[Event "4th Baskent University Open 2019"]
[Site "Ankara"]
[Date "2019.06.17"]
[Round "1"]
[White "Ilek, Kadir Bertan"]
[Black "Sarginalp, Tuna"]
[Result "1/2-1/2"]
[WhiteElo "1333"]
[BlackElo "1630"]
[Annotator "NA RC"]
[PlyCount "62"]
[EventDate "2019.06.18"]
[EventType "swiss"]
[EventCountry "TUR"]
[SourceTitle "playchess.com"]
[Source "ChessBase"]
[SourceQuality "1"]
[TimeControl "5400+30"]

1. e4 c5 2. Nf3 d6 3. Bb5+ Bd7 4. Bxd7+ Qxd7 5. O-O Nc6 6. c3 Nf6 7. Re1 e6 8. d4 cxd4 9. cxd4 d5 10. e5 Ne4 11. Nc3 Nxc3 12. bxc3 Rc8 13. Qd3 Be7 14. Bg5 Bxg5 15. Nxg5 h6 16. Nh3 Ne7 17. f4 Rc4 18. Rab1 Qc6 19. Rb3 Kd7 20. Reb1 b6 21. Nf2 Ra4 22. Qd2 Rc8 23. Nd1 Qb7 24. Ne3 Qa6 25. R1b2 Nc6 26. f5 Na5 27. Rb4 Rxb4 28. fxe6+ fxe6 29. Rxb4 Rf8 30. Rb1 Nc4 31. Qe2 Qc8 1/2-1/2

[Event "4th Baskent University Open 2019"]
[Site "Ankara"]
[Date "2019.06.18"]
[Round "2"]
[White "Annaberdiev, Meilis"]
[Black "Guven, Oguz Kagan"]
[Result "1-0"]
[WhiteElo "2532"]
[BlackElo "2095"]
[Annotator "ChessBase"]
[PlyCount "67"]
[EventDate "2019.06.18"]
[EventType "swiss"]
[EventCountry "TUR"]
[SourceTitle "playchess.com"]
[Source "ChessBase"]
[SourceQuality "1"]
[TimeControl "5400+30"]

1. e4 {[%emt 0:00:30]} c5 {[%emt 0:00:30]} 2. Nf3 {[%emt 0:00:30]} Nc6 {[%emt 0:00:00]} 3. d4 {[%emt 0:00:00]} cxd4 {[%emt 0:00:00]} 4. Nxd4 {[%emt 0:00:00]} g6 {[%emt 0:00:00]} 5. Nc3 {[%emt 0:01:30]} Bg7 {[%emt 0:00:00]} 6. Be3 {[%emt 0:00:30]} Nf6 {[%emt 0:00:00]} 7. Nb3 {[%emt 0:00:00]} O-O {[%emt 0:01:00]} 8. Be2 {[%emt 0:00:00]} d6 {[%emt 0:02:30]} 9. O-O {[%emt 0:00:30]} Bd7 {[%emt 0:01:30]} 10. f4 {[%emt 0:00:30]} Rc8 {[%emt 0:04:30]} 11. Bf3 {[%emt 0:00:30]} a6 {[%emt 0:03:30]} 12. Qe2 {[%emt 0:06:30]} b5 {[%emt 0:01:30]} 13. a3 {[%emt 0:04:30]} Re8 {[%emt 0:06:30]} 14. Rad1 {[%emt 0:01:30]} Qc7 {[%emt 0:00:30]} 15. Rd2 {[%emt 0:15:30]} Be6 {[%emt 0:11:30]} 16. Qf2 {[%emt 0:04:30]} Rb8 {[%emt 0:13:30]} 17. Nd5 {[%emt 0:00:30]} Bxd5 {[%emt 0:00:30]} 18. exd5 {[%emt 0:00:30]} Na5 {[%emt 0:00:30]} 19. Nxa5 {[%emt 0:00:30]} Qxa5 {[%emt 0:00:30]} 20. c3 {[%emt 0:00:30]} Nd7 {[%emt 0:00:30]} 21. h4 {[%emt 0:05:30]} Qc7 {[%emt 0:07:30]} 22. h5 {[%emt 0:01:30]} Nb6 {[%emt 0:04:30]} 23. Re2 {[%emt 0:10:30]} e5 {[%emt 0:06:30]} 24. dxe6 {[%emt 0:12:30]} Rxe6 {[%emt 0:00:00]} 25. Bg4 {[%emt 0:07:30]} f5 {[%emt 0:00:00]} 26. Bf3 {[%emt 0:00:30]} d5 {[%emt 0:04:30]} 27. hxg6 {[%emt 0:07:42]} Rxg6 {[%emt 0:01:30]} 28. Rfe1 {[%emt 0:00:51]} Rd8 {[%emt 0:03:30]} 29. Bc5 {[%emt 0:00:06]} Nc8 {[%emt 0:02:30]} 30. Bh5 {[%emt 0:01:02]} Nd6 {[%emt 0:02:30]} 31. Bxg6 {[%emt 0:01:30]} hxg6 {[%emt 0:00:00]} 32. Re7 {[%emt 0:01:21]} Rd7 {[%emt 0:00:00]} 33. Bxd6 {[%emt 0:01:09]} Qxd6 {[%emt 0:00:30]} 34. R7e6 {[%emt 0:00:00]} 1-0